Normal view
MARC view
- Conejo ,Antonio , Canizares ,Claudio. A
Entry Corporate Name
001 - CONTROL NUMBER
- control field: 123471
003 - CONTROL NUMBER IDENTIFIER
- control field: NUST
005 - DATE AND TIME OF LATEST TRANSACTION
- control field: 20240611122155.0
008 - FIXED-LENGTH DATA ELEMENTS
- fixed length control field: 240611|| aca||aabn | a|a d
040 ## - CATALOGING SOURCE
- Original cataloging agency: NUST
- Transcribing agency: NUST
110 ## - HEADING--CORPORATE NAME
- Corporate name or jurisdiction name as entry element: Conejo ,Antonio , Canizares ,Claudio. A
670 ## - SOURCE DATA FOUND
- Source citation: Work cat.: (NUST): Gomez-Exposito ,Antonio 69609, Electric Energy Systems :, 2018.
